000 01096cam a2200265 4500
001 J121629
008 000000n2003 000 0 eng u
022 _a1369-5630
035 _a(Sirsi) u121629
041 _aeng
050 _a692.8
_c18
110 _aRoyal Institution of Chartered Surveyors
_94900
245 _aContracts in use : a survey of building contracts in use during 2001
250 _a9th ed.
260 _aLondon
_bRICS
_c2003
300 _a29p.
_bill.
_c30cm.
490 _aContracts in Use
_v2001
520 _aThis edition withdrawn after publication due to printing errors.
650 _aBUILT ENVIRONMENT-BUILDING CONTRACT FORMS-STANDARD FORMS OF BUILDING CONTRACT-JOINT CONTRACTS TRIBNUAL CONTRACTS
650 _aBUILT ENVIRONMENT-BUILDING CONTRACT FORMS-STANDARD FORMS OF BUILDING CONTRACT-GC/WORKS CONTRACTS
650 _aBUILT ENVIRONMENT-BUILDING CONTRACT FORMS-STANDARD FORMS OF BUILDING CONTRACT-INSTITUTION OF CIVIL ENGINEERS CONTRACTS
690 _aBUILT ENVIRONMENT-BUILDING CONTRACT FORMS
710 _aDavis Langdon and Everest
_91155
942 _n0
999 _c102683
_d102683